En la resaca : poemas /
Guardado en:
| Autor Principal: | |
|---|---|
| Formato: | Libro |
| Publicado: |
Buenos Aires :
Paradiso,
2014
|
| Materias: | |
| Etiquetas: |
Agregar Etiqueta
Sin Etiquetas, Sea el primero en etiquetar este registro!
|
| LEADER | 00802nam a22002535a 4500 | ||
|---|---|---|---|
| 001 | CEM.cems018385 | ||
| 008 | 130507s2014##################000#0#####d | ||
| 005 | 20220214180300.0 | ||
| 003 | CEMS | ||
| 245 | 1 | 0 | |a En la resaca : |b poemas / |c Daniel Freidemberg |
| 260 | |a Buenos Aires : |b Paradiso, |c 2014 | ||
| 300 | |a 120 p. | ||
| 020 | |a 9789871598748 | ||
| 100 | 1 | |a Freidemberg, Daniel | |
| 082 | 0 | 4 | |a A861.4 |
| 653 | |a Literatura | ||
| 653 | |a Literatura argentina | ||
| 653 | |a Poesías | ||
| 653 | |a Poesía argentina | ||
| 653 | |a Colección Juan Gelman | ||
| 653 | |a Biblioteca Juan Gelman | ||
| 859 | |a CEMS |b BIB. CEMS - Agricultura |h A861.4 |i F881 |p A2262.15 |t Ej.1 | ||
| 859 | |a CEMS |b BIB. CEMS - 11 de abril |h A861.4 |i F881 |p 27438.18 |t Ej.1 | ||
| 859 | |a CEMS |b BIB. CEMS - 11 de abril |h A861.4 |i F881 |p 27758.19 |t Ej.2 | ||
